Регионална библиотека "Любен Каравелов" - Русе

Момо (Запис номер 32242)

MARC детайли
000 -Лидер
Контролно поле с фиксирана дължина 01495nam a2200337 c 4500
003 - Код на организацията, давaща контролен номер
Контролно поле BLK
005 - Дата и час на последна редакция
Контролно поле 20180422100102.0
008 - Елементи от данни с фиксирана дължина
fixed length control field 180407b bul|||||r ||||||| ||bul||
010 ## - Наследен системен номер
LC control number KNG00034912000
020 ## - Международен стандартен номер на книга ISBN
Международен стандартен номер на книга ISBN 954-657-355-8
-- издат.: Пан
040 ## - Източник на каталожния запис
Идентификатор на билиотеката - собственик на записа BLK
041 ## - Код за език
Код за езика на текст/звукозапис или на отделно заглавие Български
Код за езика КДБФ Български
080 ## - УДК
Текстов определител УДК Немска литература
УДК код - определител по УДК 821.112.2
УДК определител -93-31
УДК - код + определител 821.112.2-93-31
100 1# - Редна дума - Автор
Автор Енде, Михаел
Авторска отговорност първи автор
R(LIN) 267386
139 ## - Редно поле
Редна дума Енде, Михаел
Авторски знак Енд - Е 63
245 10 - Сведения за заглавието
Заглавие Момо
Подзаглавни данни Или странната история за времекрадците и за детето, което върна на хората откраднатото време
Редно поле (дума) Михаел Енде; прев. Федя Филкова; худож. Пламена Тодорова.
250 ## - Област на изданието
Сведения за изданието 2. изд.
257 ## - Страна на издаване
Страна на създаване/издаване Германия
260 ## - Област на издателските данни
-- София
Име на издателя, разпространителя и проч. Пан
Година на издаване 2001
Печатница София : Балкан прес
300 ## - Физическа характеристика
Страници 285 с.
Илюстрации и др. с ил.
Размери/Мащаб 20 см
380 ## - Жанр
Жанр Детска худож. лит.
490 1# - СЕРИИ (Колекции)
Име на серия Вечните детски романи
№: серия 82
500 ## - Общи забележки
Забележка Ориг. загл. Momo / Michael Ende. - 1. изд. 1982 на Отечество в Библ. Вълшебници. - Съдържа и За книгата и автора.
700 1# - Други автори (авторска отговорност)
Лично име Филкова, Федя
Автороска отговорност (Описва отношението между автора и произведението) прев.
9 (RLIN) 366778
700 1# - Други автори (авторска отговорност)
Лично име Тодорова, Пламена
Автороска отговорност (Описва отношението между автора и произведението) худож.
9 (RLIN) 366779
852 ## - Местоположение
Форматна сигнатура Цб 207123
856 4# - Електронен адрес и достъп
Електронен формат pdf - файл
Път до файла /url/
856 4# - Електронен адрес и достъп
Електронен формат pdf - файл
Път до файла /url/
942 ## - АРТИКУЛИ
Вид на библиотечния материал Книги
Скрит в OPAC Не
944 ## - СЪЗДАВАНЕ И РЕДАКЦИЯ на ЗАПИСА
Създаване/Редакция Създаване
Дата на регистрацията/редакция 15.01.2003
Служител, извършил регистрацията/редакцията Цветанка_Енчева
944 ## - СЪЗДАВАНЕ И РЕДАКЦИЯ на ЗАПИСА
Създаване/Редакция Редакция
Дата на регистрацията/редакция 12.01.2004
Служител, извършил регистрацията/редакцията
999 ## - СИСТЕМНИ КОНТРОЛНИ НОМЕРА
Koha biblionumber 32242
Koha biblioitemnumber 32242
Наличности
Код за отписване Код за изгубен артикул Код за повреда Коз за рестрикции Код за отдаване Артикулен № Име на библиотеката - собственик Име на библиотеката, в която се намира в момента Статус (Текущо местоположение) Дата на вписване в системата Местоположение - отдел Цена в лева Инвентарен номер Систематично азбучна сигнатура Баркод Номер на екземпляра Цена в евро Служебна бележка Служебен тип на артикула
  Не е изгубен Не е повреден без рестрикции ползва се в читалня 51486 Регионална библиотека "Любен Каравелов" Русе Регионална библиотека "Любен Каравелов" Русе Хранилище 2003-10-30 Хранилище 3.90 120000679503 Цб 207123 120000679503 1 1.99 Дост: Dp Вид: Д N: 45 Дата: 30.10.2002 Книги
Vip Innovations Ltd, Rousse, Bulgaria 2025